000 00238nam a22001217a 4500
003 SGT
082 _a340
100 _aPHILIPS, C.M.
245 _aSTATISTICS -1
260 _aLONDDAN
_bUNIVERSITY
_c2006
300 _a124
942 _2ddc
_cBK
999 _c11093
_d11093